Palazzo Yacoubian /
Uloženo v:
| Hlavní autor: | |
|---|---|
| Další autoři: | |
| Médium: | Kniha |
| Jazyk: | italština |
| Vydáno: |
Milano :
Feltrinelli,
2007
|
| Edice: | Universale economica ;
1988 |
| Tagy: |
Žádné tagy, Buďte první, kdo vytvoří štítek k tomuto záznamu!
|
MARC
| LEADER | 00000nam a22000007i 4500 | ||
|---|---|---|---|
| 001 | IT\ICCU\RMB\0608826 | ||
| 003 | ItRI | ||
| 005 | 20250914110929.0 | ||
| 008 | 070529s2007 it |||||| ||||| |||||c | ||
| 020 | |a 9788807819889 | ||
| 020 | |a 9788807880261 (7. ed. (2018)) | ||
| 040 | |b ita |c ct | ||
| 041 | 7 | |a ita |2 ISO-639-2 | |
| 082 | |a 892.736 |2 19 | ||
| 100 | 1 | |a Aswānī, ʿAlāʾ al- |0 IT\ICCU\RAVV\441703 |4 aut | |
| 240 | 1 | 0 | |a 'Imarat ya'qubiyan |9 Aswānī, ʿAlāʾ al- |
| 245 | 1 | 0 | |a Palazzo Yacoubian / |c 'Ala Al-Aswani ; traduzione di Bianca Longhi. |
| 260 | |a Milano : |b Feltrinelli, |c 2007 | ||
| 300 | |a 215 p. ; |c 20 cm | ||
| 700 | 1 | |a Longhi, Bianca |0 IT\ICCU\LO1V\161767 |4 trl | |
| 830 | 0 | |a Universale economica ; |v 1988 |0 IT\ICCU\CFI\0001103 | |
| 942 | |2 ddc |c BK | ||
| 952 | |0 0 |1 0 |2 ddc |4 0 |6 B_LNR02ALAALPAL11 |7 0 |9 7287 |a MI |b MI |d 2010-02-01 |i 5857 |l 0 |o B-LNR02-ALAAL-PAL11 |p CDOM5857 |r 2025-07-13 16:28:00 |w 2025-07-13 |x ACQUISTO |y BK | ||
| 981 | 1 | |6 z01 |a i |b xxxe | |
| 982 | 1 | |6 z01 |a n | |
| 999 | |c 5994 |d 5994 | ||